[Event "PRO League Stage"]
[Site "Chess.com INT"]
[Date "2019.02.20"]
[Round "7"]
[White "Giri, Anish"]
[Black "Jobava, Baadur"]
[Result "1-0"]
[WhiteElo "2783"]
[BlackElo "2629"]
[PlyCount "57"]
[EventDate "2019.01.08"]
[EventType "team-swiss (rapid)"]
[EventRounds "10"]
[EventCountry "USA"]
[SourceTitle "CBM 189 Extra"]
[Source "ChessBase"]
[SourceDate "2019.06.03"]
[SourceVersion "1"]
[SourceVersionDate "2019.06.03"]
[SourceQuality "1"]
[WhiteTeam "Montreal Chessbrahs"]
[BlackTeam "Tbilisi Gentlemen"]
[WhiteTeamCountry "CAN"]
[BlackTeamCountry "GEO"]

1. Nf3 d5 2. g3 c6 3. Bg2 Bg4 4. O-O e6 5. h3 Bxf3 ({RR} 5... Bh5 6. d4 Nf6 7. c4 Nbd7 8. cxd5 exd5 9. Qb3 Qb6 10. Qe3+ Be7 11. Nh4 Bg6 12. Nc3 Kf8 13. Nxg6+ hxg6 14. Qd3 Re8 15. Rb1 Kg8 16. b4 a6 17. Re1 Nf8 18. e4 dxe4 19. Nxe4 Nxe4 20. Rxe4 {Vachier Lagrave,M (2758)-Kramnik,V (2777) Berlin 2015 ½-½ (63)}) 6. Bxf3 g6 $146 ({RR} 6... f5 7. d3 Nf6 8. Bg2 Bd6 9. e4 O-O 10. Qe2 Qc7 11. exf5 exf5 12. Qe6+ Kh8 13. Qxf5 Na6 14. Qf3 Qb6 15. c3 Rae8 16. d4 c5 17. Qd1 Ne4 18. Na3 cxd4 19. cxd4 Nb4 20. Bxe4 Rxe4 21. Be3 {Praggnanandhaa,R (2515)-Bosiocic,M (2628) Caleta 2018 ½-½ (45)}) ({RR} 6... Nd7 7. Bg2 Ngf6 8. d3 Bd6 9. Nd2 a5 10. a4 O-O 11. e4 Qe7 12. Qe2 dxe4 13. dxe4 e5 14. Nc4 Bc7 15. Ne3 Rfd8 16. Qc4 Nf8 17. c3 Qe6 18. Qxe6 Nxe6 19. Nc4 Nc5 20. Bg5 Rd7 21. Bxf6 {Astafurov,A (2263)-Wadsworth,M (2460) chess.com INT 2024 0-1 (52)}) ({RR} 6... Nf6 7. d4 Nbd7 8. Nd2 Be7 9. e4 dxe4 10. Nxe4 Nxe4 11. Bxe4 Bg5 12. f4 Be7 13. c3 g6 14. Kg2 h5 15. Qc2 Nf6 16. Bf3 Qc7 17. c4 Rd8 18. Be3 Kf8 19. Rad1 Ne8 20. Qb3 Bf6 21. d5 {Banusz,T (2607)-Vertetics,A (2436) Ajka 2018 ½-½ (56)}) 7. Bg2 Nd7 8. d3 h5 9. c4 Bh6 10. cxd5 cxd5 11. e3 Ne7 12. Nc3 O-O 13. d4 Rc8 14. Bd2 Nf5 15. Rc1 Qb6 16. b3 Nf6 17. Qe2 Nd6 18. Na4 Qb5 19. Qxb5 Nxb5 20. Rxc8 Rxc8 21. Rc1 Rxc1+ 22. Bxc1 Nxd4 23. Bb2 Ne2+ 24. Kf1 Nxg3+ 25. fxg3 Nd7 26. e4 dxe4 27. Bxe4 b6 28. Bc6 Nf8 29. Be5 1-0

[Event "PRO League Stage"]
[Site "Chess.com INT"]
[Date "2019.02.20"]
[Round "7"]
[White "Petrosian, Tigran L"]
[Black "Ghosh, Diptayan"]
[Result "1-0"]
[WhiteElo "2598"]
[BlackElo "2544"]
[PlyCount "99"]
[EventDate "2019.01.08"]
[EventType "team-swiss (rapid)"]
[EventRounds "10"]
[EventCountry "USA"]
[SourceTitle "CBM 189 Extra"]
[Source "ChessBase"]
[SourceDate "2019.06.03"]
[SourceVersion "1"]
[SourceVersionDate "2019.06.03"]
[SourceQuality "1"]
[WhiteTeam "Seattle Sluggers"]
[BlackTeam "Mumbai Movers"]
[WhiteTeamCountry "USA"]
[BlackTeamCountry "IND"]

1. Nf3 Nf6 2. g3 g6 3. Bg2 Bg7 4. d3 d5 5. Nbd2 O-O 6. e4 Nc6 7. O-O dxe4 8. dxe4 a5 9. Re1 ({RR} 9. a4 Nd7 10. Qe2 b6 11. Rd1 Ba6 12. Nc4 Qe8 13. Bf4 Bxb2 14. Rab1 Bg7 15. Bf1 Nc5 16. Bxc7 Nxa4 17. Qe3 Nc3 18. Nxb6 Nxd1 19. Rxd1 Bxf1 20. Nxa8 Qxa8 21. Rxf1 a4 22. Bf4 a3 23. e5 Nb4 {Grischuk,A (2759)-Artemiev,V (2746) Chess.com INT 2019 0-1 (32)}) ({RR} 9. a4 Nd7 10. Nc4 b6 11. Qd5 Bb7 12. Rd1 Nde5 13. Ncxe5 Nxe5 14. Qxd8 Rfxd8 15. Bf4 Nc4 16. Rxd8+ Rxd8 17. Bf1 Nd6 18. c3 Bxe4 19. Nd2 Bd5 20. Re1 e6 21. Bg2 Bxg2 22. Kxg2 Rd7 23. Bxd6 cxd6 {Wynn Zaw Htun (2387)-Garcia,J (2415) Bandung INA 2025 0-1}) 9... Nd7 10. Nh4 $146 ({RR} 10. Nf1 Nc5 11. Qe2 Bg4 12. Qe3 b6 13. h3 Be6 14. N1d2 Nb4 15. Ng5 Nxc2 16. Nxe6 Nxe6 17. Qe2 Ned4 18. Qd1 Nxa1 19. e5 Nac2 20. Rf1 Nb4 21. Bxa8 Qxa8 22. a3 Nd3 23. Qa4 Ne2+ 24. Kh2 Nexc1 {Shoker,S (2489)-Artemiev,V (2653) Almaty 2016 0-1 (33)}) ({RR} 10. a3 Nc5 11. Rb1 a4 12. Qe2 Bg4 13. Qe3 Nd4 14. e5 Nce6 15. Nxd4 Nxd4 16. Be4 f5 17. exf6 Bxf6 18. c3 Ra5 19. Nc4 Rc5 20. Qd3 Nf3+ {0-1 (20) Gierse,H (2108)-Herbrechtsmeier,C (2245) Freudenstadt 2018}) 10... Nc5 11. f4 e5 12. f5 b6 13. Nhf3 Nd4 14. g4 Bb7 15. Kh1 Re8 16. b3 Bh6 17. Ng1 Qf6 18. c3 Nb5 19. Qc2 Nd6 20. Nh3 Ba6 21. c4 Bb7 22. Nf2 gxf5 23. exf5 Bxg2+ 24. Kxg2 Rad8 25. Nde4 Ndxe4 26. Nxe4 Nxe4 27. Rxe4 Rd4 28. Qe2 Red8 29. Bxh6 Qxh6 30. Rxd4 Rxd4 31. Rd1 Qf4 32. Rxd4 Qxd4 33. h3 Kg7 34. Qf2 Qd3 35. Qg3 Qe2+ 36. Qf2 Qd3 37. Qg3 Qd4 38. Qf2 Kf6 39. Qh4+ Kg7 40. Qg5+ Kh8 41. f6 Qe4+ 42. Kf2 Qd4+ 43. Kg3 Qd3+ 44. Kh4 Qg6 45. Qxe5 h6 46. Qf5 Kh7 47. a3 c6 48. b4 axb4 49. axb4 b5 50. c5 1-0

[Event "PRO League Stage"]
[Site "Chess.com INT"]
[Date "2019.02.20"]
[Round "7"]
[White "Petrosian, Tigran L"]
[Black "Bhat, Vinay S"]
[Result "1-0"]
[WhiteElo "2598"]
[BlackElo "2519"]
[PlyCount "101"]
[EventDate "2019.01.08"]
[EventType "team-swiss (rapid)"]
[EventRounds "10"]
[EventCountry "USA"]
[SourceTitle "CBM 189 Extra"]
[Source "ChessBase"]
[SourceDate "2019.06.03"]
[SourceVersion "1"]
[SourceVersionDate "2019.06.03"]
[SourceQuality "1"]
[WhiteTeam "Seattle Sluggers"]
[BlackTeam "San Francisco Mechanics"]
[WhiteTeamCountry "USA"]
[BlackTeamCountry "USA"]

1. Nf3 d5 2. g3 c6 3. Bg2 Bg4 4. h3 Bxf3 5. Bxf3 Nf6 6. O-O e6 7. d3 Nbd7 8. Nd2 ({RR} 8. e4 Bd6 9. Nd2 Qc7 10. d4 dxe4 11. Nxe4 Nxe4 12. Bxe4 Nf6 13. Bg2 O-O 14. c3 Rad8 15. Bg5 Be7 16. Bf4 Bd6 17. Bg5 Be7 18. Qb3 Rd7 19. Rad1 Rfd8 20. Rfe1 h6 21. Bf4 Bd6 22. Bc1 a6 {Svane,R (2621)-Duda,J (2724) chess.com INT 2023 0-1 (79)}) ({RR} 8. e4 Bd6 9. a4 O-O 10. Nd2 Qc7 11. d4 dxe4 12. Nxe4 Nxe4 13. Bxe4 Rad8 14. Bg5 Rde8 15. Bg2 h6 16. Be3 Rd8 17. c3 Rfe8 18. Qc2 e5 19. Rfe1 exd4 20. Bxd4 Bc5 21. Rxe8+ Rxe8 22. Bxc5 Nxc5 {Svane,R (2629)-Pranav,V (2609) chess.com INT 2024 0-1 (83)}) 8... Bd6 9. Bg2 O-O 10. e4 a5 $146 ({RR} 10... Qc7 11. f4 e5 12. f5 Bc5+ 13. Kh1 dxe4 14. dxe4 Be3 15. Qe2 Bh6 16. h4 Nc5 17. g4 Bxd2 18. Bxd2 Rfd8 19. Be1 Rd4 20. g5 Nfd7 21. Bf2 Rd8 22. Bxd4 exd4 23. g6 Ne5 24. gxh7+ Kh8 25. f6 {Karasev,V-Klovans,J Odessa 1975 1-0 (41)}) ({RR} 10... Qc7 11. f4 dxe4 12. dxe4 e5 13. f5 h6 14. Qe2 Be7 15. a4 a5 16. Nc4 Ne8 17. h4 Nd6 18. Be3 Nxc4 19. Qxc4 Nf6 20. Bf3 h5 21. Kg2 Rad8 22. Rad1 Rxd1 23. Rxd1 Rd8 24. c3 Rxd1 25. Bxd1 {Plachetka,J (2470)-Benko,P (2480) Sombor 1976 ½-½}) 11. f4 e5 12. f5 dxe4 13. dxe4 b5 14. Qe2 Qb6+ 15. Kh2 a4 16. a3 Rfd8 17. g4 Nf8 18. g5 N6d7 19. Nf3 b4 20. axb4 Bxb4 21. h4 Bc5 22. h5 Qb5 23. Qe1 Qc4 24. c3 a3 25. b4 Bd6 26. Rf2 c5 27. Bf1 Qb3 28. g6 fxg6 29. hxg6 Nf6 30. gxh7+ Kh8 31. Rg2 cxb4 32. Bd2 a2 33. Ng5 Ra7 34. cxb4 Rc8 35. Be3 Rac7 36. Raxa2 Rc2 37. Raxc2 Rxc2 38. Rxc2 Qxc2+ 39. Qd2 Qc7 40. Be2 N8xh7 41. Qxd6 Qxd6 42. Nf7+ Kg8 43. Nxd6 Kf8 44. Bf3 Ke7 45. Nc4 Nd7 46. b5 Nhf6 47. b6 Kd8 48. Kh3 Kc8 49. Kh4 Kb7 50. Kg5 Kc6 51. Kg6 1-0

[Event "PRO League Stage"]
[Site "Chess.com INT"]
[Date "2019.02.27"]
[Round "8"]
[White "Frolyanov, Dmitry"]
[Black "Ehlvest, Jaan"]
[Result "1-0"]
[WhiteElo "2517"]
[BlackElo "2521"]
[PlyCount "51"]
[EventDate "2019.01.08"]
[EventType "team-swiss (rapid)"]
[EventRounds "10"]
[EventCountry "USA"]
[SourceTitle "CBM 189 Extra"]
[Source "ChessBase"]
[SourceDate "2019.06.03"]
[SourceVersion "1"]
[SourceVersionDate "2019.06.03"]
[SourceQuality "1"]
[WhiteTeam "Volga Stormbringers"]
[BlackTeam "Estonia Horses"]
[WhiteTeamCountry "RUS"]
[BlackTeamCountry "EST"]

1. Nf3 d5 2. g3 e6 3. Bg2 Bd6 4. O-O Ne7 5. b3 ({RR} 5. c4 c6 6. Qc2 e5 7. d3 a6 8. b3 f6 9. Nbd2 Be6 10. e4 O-O 11. d4 Nd7 12. Bb2 dxe4 13. Nxe4 Bf5 14. dxe5 Nxe5 15. Nd4 Bg4 16. h3 c5 17. hxg4 cxd4 18. Bxd4 Bc7 19. Rad1 Qc8 {Vaganian,R (2625)-Semkov,S (2470) Saint John 1988 1-0}) ({RR} 5. d4 Nbc6 6. c4 dxc4 7. Nbd2 O-O 8. Nxc4 b5 9. Ncd2 Bb7 10. b3 a6 11. Bb2 Qd7 12. a3 Rad8 13. Qc2 Na7 14. e4 Nec8 15. Rfd1 Nb6 16. Rac1 Rc8 17. e5 Be7 18. Ng5 Bxg5 19. Bxb7 Rb8 {Masague Artero,G (2251)-Adewumi,T (2349) chess.com INT 2024 1-0 (39)}) 5... e5 $146 ({RR} 5... b6 6. Bb2 f6 7. d3 Bb7 8. Nbd2 Nd7 9. Nd4 Nf8 10. e4 Qd7 11. exd5 e5 12. Ne6 Nxe6 13. dxe6 Qc8 14. Ne4 O-O 15. d4 exd4 16. Nxd6 cxd6 17. Bxb7 Qxb7 18. Qxd4 Rac8 19. Ba3 Rfd8 20. c4 {Martinovsky,E (2270)-Choinowski,G Hamburg 1993 1-0 (32)}) ({RR} 5... O-O 6. Bb2 c5 7. d4 Nbc6 8. Nbd2 cxd4 9. Nxd4 e5 10. Nxc6 bxc6 11. c4 Bb7 12. Qc2 Rc8 13. Rfd1 Bb8 14. Rac1 f5 15. e4 d4 16. exf5 Nxf5 17. Ne4 Qe7 18. c5 Ba6 19. b4 h6 20. Qb3+ {Nguyen,A (1913)-Baasansuren,E Hue 2012 1-0 (49)}) 6. Bb2 f6 7. d3 O-O 8. e4 dxe4 9. dxe4 Be6 10. Nbd2 Nd7 11. Qe2 Nb6 12. Rad1 Qe8 13. a4 a5 14. Nh4 Bc5 15. Nf5 c6 16. Ne3 Qf7 17. Kh1 Rad8 18. f4 exf4 19. gxf4 f5 20. Nf3 Qh5 21. Rxd8 Rxd8 22. exf5 Nxf5 23. Nxf5 Qxf5 24. Nh4 Qg4 25. Bf3 Bd5 26. Bxd5+ 1-0

[Event "PRO League Stage"]
[Site "Chess.com INT"]
[Date "2019.03.06"]
[Round "9"]
[White "Eljanov, Pavel"]
[Black "Caruana, Fabiano"]
[Result "1-0"]
[WhiteElo "2680"]
[BlackElo "2828"]
[PlyCount "77"]
[EventDate "2019.01.08"]
[EventType "team-swiss (rapid)"]
[EventRounds "10"]
[EventCountry "USA"]
[SourceTitle "CBM 189 Extra"]
[Source "ChessBase"]
[SourceDate "2019.06.03"]
[SourceVersion "1"]
[SourceVersionDate "2019.06.03"]
[SourceQuality "1"]
[WhiteTeam "Miami Champions"]
[BlackTeam "Saint Louis Arch Bishops"]
[WhiteTeamCountry "USA"]
[BlackTeamCountry "USA"]

1. Nf3 d5 2. g3 Bg4 3. Bg2 Nd7 4. O-O e6 5. h3 Bh5 6. d4 Ngf6 7. c4 c6 8. cxd5 exd5 9. Qb3 Nb6 ({RR} 9... Qb6 10. Qe3+ Be7 11. Nh4 Bg6 12. Nc3 Qd8 13. Nxg6 hxg6 14. Qd3 O-O 15. Bf4 Re8 16. Rfe1 Nb6 17. Rad1 Qd7 18. Bg5 Rad8 19. h4 Nh7 20. Bxe7 Rxe7 21. e4 dxe4 22. Nxe4 Rde8 23. Rf1 Nf6 24. Nxf6+ {Vachier Lagrave,M (2762)-Laznicka,V (2679) Dubai 2014 ½-½ (49)}) 10. Nc3 Be7 11. a4 $146 ({RR} 11. Ne5 O-O 12. f4 Ne8 13. g4 f6 14. gxh5 fxe5 15. dxe5 Bc5+ 16. Kh2 Qh4 17. Ne4 Be7 18. Ng3 Nc7 19. Qf3 Ne6 20. Qg4 Nd4 21. Rb1 Nc4 22. b3 Qxg4 23. hxg4 Na3 24. Rb2 Bb4 25. e3 Ndc2 {Tate,A (2335)-Verneuil,P (2114) Caleta 2019 1-0 (51)}) 11... a5 12. Ne5 Bg6 13. f4 Bf5 14. g4 Bc8 15. f5 O-O 16. Bf4 Ne8 17. e4 dxe4 18. Nxe4 Qxd4+ 19. Kh1 Nd5 20. Rad1 Qb4 21. Qg3 Nef6 22. Nxf6+ Bxf6 23. Bxd5 cxd5 24. g5 Bd8 25. f6 g6 26. Qh4 h5 27. gxh6 Kh7 28. Nf3 Bf5 29. Rd4 Qxb2 30. Be5 Rc8 31. Rf4 Qe2 32. Re1 Qa6 33. Rxf5 gxf5 34. Rg1 Bc7 35. Rg7+ Kh8 36. Qg5 Qf1+ 37. Ng1 Rg8 38. h7 Rgf8 39. Rg8+ 1-0

[Event "PRO League Stage"]
[Site "Chess.com INT"]
[Date "2019.03.13"]
[Round "10"]
[White "Donchenko, Alexander"]
[Black "Pavasovic, Dusko"]
[Result "1-0"]
[WhiteElo "2604"]
[BlackElo "2546"]
[PlyCount "63"]
[EventDate "2019.01.08"]
[EventType "team-swiss (rapid)"]
[EventRounds "10"]
[EventCountry "USA"]
[SourceTitle "CBM 189 Extra"]
[Source "ChessBase"]
[SourceDate "2019.06.03"]
[SourceVersion "1"]
[SourceVersionDate "2019.06.03"]
[SourceQuality "1"]
[WhiteTeam "Baden Baden Snowballs"]
[BlackTeam "Ljubljana Turtles"]
[WhiteTeamCountry "GER"]
[BlackTeamCountry "SLO"]

1. Nf3 d5 2. g3 Bg4 3. Bg2 Nd7 4. h3 Bh5 5. c4 e6 6. d4 c6 7. O-O Ngf6 8. cxd5 exd5 9. Nh4 ({RR} 9. Ne5 Nxe5 10. dxe5 Nd7 11. Nc3 Bg6 12. f4 Bc5+ 13. Kh2 f5 14. Na4 Be7 15. Be3 Nf8 16. Nc5 Bxc5 17. Bxc5 Ne6 18. Bd6 Kf7 19. a4 h5 20. a5 Kg8 21. Qb3 h4 22. g4 Qd7 23. Ra4 Kh7 {Svane,R (2627)-Ghafourian,A (2121) chess.com INT 2025 1-0 (35)}) 9... Bg6 10. Nc3 Be7 11. f4 $146 ({RR} 11. Nxg6 hxg6 12. Qd3 O-O 13. Bf4 Re8 14. h4 Nf8 15. Rad1 Bd6 16. Bg5 N8h7 17. Bxf6 gxf6 18. e4 dxe4 19. Nxe4 f5 20. Nc5 Bxc5 21. dxc5 Qxd3 22. Rxd3 Nf6 23. Rb3 Re7 24. Rd1 Rae8 25. Bf3 Kg7 {Fus,J (2427)-Mardov,D (2432) Charlotte USA 2022 ½-½ (39)}) ({RR} 11. Nxg6 hxg6 12. Qd3 O-O 13. Bf4 Re8 14. h4 Nf8 15. Rad1 Bd6 16. Bg5 N8h7 17. Bxf6 gxf6 18. e4 dxe4 19. Nxe4 f5 20. Nc5 Bxc5 21. dxc5 Qxd3 22. Rxd3 Nf6 23. Rb3 Re7 24. Rd1 Rae8 25. Bf3 Kg7 {Fus,J (2427)-Mardov,D (2432) Charlotte USA 2022 ½-½ (39)}) 11... Be4 12. Nxe4 Nxe4 13. Nf5 O-O 14. Qb3 Rb8 15. g4 Nd6 16. Nxe7+ Qxe7 17. f5 Rfe8 18. Bf4 Nb6 19. Qf3 f6 20. g5 Rbd8 21. Qg4 Nbc4 22. gxf6 Qxf6 23. Bg5 Qf7 24. Bxd8 Ne3 25. Qf4 Nxf1 26. Qxd6 Ne3 27. Bh4 Nxg2 28. Kxg2 Rxe2+ 29. Kg1 h6 30. Qg6 Qc7 31. Bg3 Qb6 32. Rd1 1-0

[Event "PRO League Stage"]
[Site "Chess.com INT"]
[Date "2019.03.13"]
[Round "10"]
[White "Xu, Xiangyu"]
[Black "Zierk, Steven C"]
[Result "1-0"]
[WhiteElo "2567"]
[BlackElo "2510"]
[PlyCount "55"]
[EventDate "2019.01.08"]
[EventType "team-swiss (rapid)"]
[EventRounds "10"]
[EventCountry "USA"]
[SourceTitle "CBM 189 Extra"]
[Source "ChessBase"]
[SourceDate "2019.06.03"]
[SourceVersion "1"]
[SourceVersionDate "2019.06.03"]
[SourceQuality "1"]
[WhiteTeam "Cheng Du Pandas"]
[BlackTeam "San Francisco Mechanics"]
[WhiteTeamCountry "CHN"]
[BlackTeamCountry "USA"]

1. Nf3 d5 2. g3 Nf6 3. Bg2 c6 4. O-O Bf5 5. d3 e6 6. Nh4 Bg4 7. h3 Bh5 8. Qe1 Nbd7 9. f4 Bc5+ 10. Kh1 Be7 ({RR} 10... d4 11. c3 Bg6 12. g4 a5 13. cxd4 Bxd4 14. e4 Nc5 15. Rf3 O-O 16. Nc3 h6 17. Ne2 e5 18. f5 Bh7 19. g5 hxg5 20. Bxg5 Kh8 {½-½ (20) Yang,S (1901)-Gong,S (2108) Shanghai CHN 2024}) 11. e4 Ng8 $146 ({RR} 11... O-O 12. Nc3 dxe4 13. dxe4 Ne8 14. Nf3 Bxf3 15. Bxf3 e5 16. Be3 Bc5 17. Rd1 Bxe3 18. Qxe3 Qb6 19. Qxb6 Nxb6 20. b3 Nf6 21. a4 Rfe8 22. a5 Nbd7 23. Rfe1 Nc5 24. b4 Na6 25. Na2 Kf8 26. c3 {Dounis,A (2250)-Suleymanli,A (2541) Chess.com INT 2022 0-1 (46)}) ({RR} 11... O-O 12. Nc3 dxe4 13. dxe4 Ne8 14. Nf3 Bxf3 15. Bxf3 e5 16. Be3 Bc5 17. Rd1 Bxe3 18. Qxe3 Qb6 19. Qxb6 Nxb6 20. b3 Nf6 21. a4 Rfe8 22. a5 Nbd7 23. Rfe1 Nc5 24. b4 Na6 25. Na2 Kf8 26. c3 {Dounis,A (2250)-Suleymanli,A (2541) Chess.com INT 2022 0-1 (46)}) 12. Nf3 Bg6 13. Nc3 h6 14. f5 Bh7 15. fxe6 fxe6 16. Nd4 Nc5 17. exd5 exd5 18. b4 Na6 19. b5 Nc7 20. bxc6 bxc6 21. Nxc6 Qd7 22. Nxe7 Nxe7 23. Ba3 Rc8 24. Qe5 Ne6 25. Nxd5 Nc6 26. Qh5+ Kd8 27. Rae1 Re8 28. Rf7 1-0

[Event "PRO League Stage"]
[Site "Chess.com INT"]
[Date "2019.03.13"]
[Round "10"]
[White "Pantsulaia, Levan"]
[Black "Oparin, Grigoriy"]
[Result "1-0"]
[WhiteElo "2597"]
[BlackElo "2613"]
[PlyCount "135"]
[EventDate "2019.01.08"]
[EventType "team-swiss (rapid)"]
[EventRounds "10"]
[EventCountry "USA"]
[SourceTitle "CBM 189 Extra"]
[Source "ChessBase"]
[SourceDate "2019.06.03"]
[SourceVersion "1"]
[SourceVersionDate "2019.06.03"]
[SourceQuality "1"]
[WhiteTeam "Tbilisi Gentlemen"]
[BlackTeam "Volga Stormbringers"]
[WhiteTeamCountry "GEO"]
[BlackTeamCountry "RUS"]

1. Nf3 Nf6 2. g3 b5 3. Bg2 Bb7 4. O-O e6 5. b3 c5 6. c4 b4 7. Bb2 Be7 8. a3 a5 9. axb4 ({RR} 9. d4 O-O 10. axb4 cxb4 11. Nbd2 d6 12. Qc2 Qc7 13. e4 Rc8 14. e5 dxe5 15. Nxe5 Bxg2 16. Kxg2 Nc6 17. f4 Nd7 18. Ng4 Nb6 19. f5 Qd7 20. f6 h5 21. Nh6+ gxh6 22. fxe7 f5 23. d5 Nxe7 {Duda,J (2750)-Le,Q (2709) chess24.com INT 2022 ½-½ (39)}) 9... axb4 10. Rxa8 Bxa8 11. d3 d5 $146 ({RR} 11... O-O 12. Nbd2 Nc6 13. Qa1 d6 14. e3 Bb7 15. d4 Qc7 16. Qb1 h6 17. e4 cxd4 18. Nxd4 Nxd4 19. Bxd4 Ra8 20. Qb2 e5 21. Be3 Ng4 22. Re1 Nxe3 23. Rxe3 Ra3 24. Nb1 Ra6 25. Re1 Qc5 26. Nd2 {Hamornik,J (2048)-Jurcik,M (2362) Slovakia 2013 0-1 (45)}) 12. Ne5 O-O 13. Nd2 Nc6 14. Qa1 Nxe5 15. Bxe5 Qd7 16. cxd5 Bxd5 17. Nc4 Qc6 18. e4 Bxc4 19. dxc4 Qb6 20. Bf4 Rd8 21. e5 Nd7 22. Be4 Nf8 23. Be3 Qc7 24. Kg2 Nd7 25. f4 f5 26. Bf3 Nf8 27. Qb1 g6 28. g4 fxg4 29. Bxg4 Rd7 30. Qe4 Qb7 31. Kf3 Qxe4+ 32. Kxe4 Ra7 33. Rd1 Kf7 34. Rd2 Ra1 35. Bd1 h5 36. h3 Ke8 37. Kd3 Ra7 38. Rg2 Rd7+ 39. Kc2 Kf7 40. Bf3 Ra7 41. Kb2 Rd7 42. Be2 Rd8 43. Rg1 Ra8 44. Bd3 Ra7 45. Be4 Ra6 46. Rd1 Ra7 47. Bc6 Ra6 48. Ba4 Ra8 49. Kc2 Rc8 50. Rd3 Rc7 51. Kd2 Rc8 52. Ke2 Rc7 53. Rd1 Rc8 54. Kf3 Ra8 55. Ke4 Ra7 56. Rd2 Ra8 57. Rd6 Bxd6 58. exd6 Ra5 59. Ke5 Ra7 60. Bxc5 Ra5 61. Kd4 e5+ 62. Kd5 Ne6 63. Bb5 Nxc5 64. Kxc5 exf4 65. Kb6 Ra1 66. c5 Ke6 67. d7 Ke7 68. c6 1-0

[Event "New Delhi Parsvnath op-A 17th"]
[Site "New Delhi"]
[Date "2019.01.15"]
[Round "9"]
[White "Pantsulaia, Levan"]
[Black "Mosadeghpour, Masoud"]
[Result "1-0"]
[WhiteElo "2597"]
[BlackElo "2517"]
[PlyCount "121"]
[EventDate "2019.01.09"]
[EventType "swiss"]
[EventRounds "10"]
[EventCountry "IND"]
[SourceTitle "CBM 188 Extra"]
[Source "ChessBase"]
[SourceDate "2019.02.26"]
[SourceVersion "1"]
[SourceVersionDate "2019.02.26"]
[SourceQuality "1"]

1. Nf3 Nf6 2. g3 g6 3. b3 Bg7 4. Bb2 O-O 5. Bg2 d5 6. c4 Nc6 7. d3 Re8 ({RR} 7... d4 8. b4 Nxb4 9. Bxd4 Re8 10. Bc3 Nc6 11. Ne5 Ne4 12. Bxe4 Nxe5 13. O-O Rb8 14. Bg2 Bf5 15. Qb3 b5 16. cxb5 a6 17. a4 axb5 18. axb5 c6 19. d4 Rxb5 20. Qa2 Nd7 21. Bxc6 Rb6 22. Bg2 {Bharath,S (2496)-Kushagra,M (2410) Yerevan ARM 2023 1-0 (69)}) 8. cxd5 Nxd5 9. Bxg7 Kxg7 10. Nbd2 $146 ({RR} 10. Qd2 e5 11. O-O Nd4 12. Nxd4 exd4 13. Qb2 Nf6 14. Na3 Rb8 15. Rac1 Qe7 16. b4 Qxe2 17. Qxd4 c6 18. Nc4 Qe7 19. Qxa7 Bf5 20. Qa3 Rbd8 21. Rfd1 Nd5 22. Qb2+ Qf6 23. Qxf6+ Kxf6 24. a3 Re7 {Gholami,A (2490)-Vocaturo,D (2608) Ortisei 2018 1-0 (58)}) 10... e5 11. Rc1 f5 12. Qc2 Be6 13. a3 Qf6 14. b4 Bf7 15. e4 Nb6 16. b5 Nd8 17. exf5 gxf5 18. O-O c6 19. a4 Rc8 20. Qb1 Nxa4 21. Qa1 Nb6 22. Qxa7 cxb5 23. Rxc8 Nxc8 24. Qc5 Nc6 25. Nh4 Nd4 26. Ndf3 Qd6 27. Qxd4 exd4 28. Nxf5+ Kf6 29. Nxd6 Nxd6 30. Nxd4 Bg6 31. Rd1 Ra8 32. Re1 Bxd3 33. Re6+ Kg7 34. Rxd6 Ra1+ 35. Bf1 Bxf1 36. h4 b4 37. Rb6 Bc4+ 38. Kh2 Bd5 39. g4 b3 40. Kg3 Kf8 41. Rb5 Bc4 42. Rxb7 Rd1 43. Rb8+ Kf7 44. Rb7+ Kf8 45. Rb8+ Kf7 46. Nf3 Bd5 47. Kf4 Ke7 48. Ke3 Rh1 49. Nd4 Kd7 50. h5 Re1+ 51. Kd3 Rf1 52. Rb5 Bg8 53. f3 Rd1+ 54. Kc3 Rc1+ 55. Kb2 Rf1 56. Rf5 Rf2+ 57. Kc3 Kd6 58. Nxb3 Be6 59. Rf6 Ke5 60. g5 h6 61. Nd4 1-0

[Event "Tata Steel-A 81st"]
[Site "Wijk aan Zee"]
[Date "2019.01.20"]
[Round "8"]
[White "Fedoseev, Vladimir1"]
[Black "Shankland, Samuel L"]
[Result "1-0"]
[WhiteElo "2724"]
[BlackElo "2725"]
[PlyCount "103"]
[EventDate "2019.01.12"]
[EventType "tourn"]
[EventRounds "13"]
[EventCountry "NED"]
[EventCategory "21"]
[SourceTitle "CBM 188"]
[Source "ChessBase"]
[SourceDate "2018.12.21"]
[SourceVersion "1"]
[SourceVersionDate "2018.12.21"]
[SourceQuality "1"]

1. Nf3 d5 2. b3 Bf5 3. Bb2 e6 4. g3 h6 5. d3 Nf6 6. Nbd2 Be7 7. Bg2 O-O 8. O-O c6 9. Re1 Bh7 10. e4 a5 11. a3 Na6 12. Qe2 b5 ({RR} 12... Nc5 13. e5 Nfd7 14. Nf1 b5 15. h4 Na6 16. Ne3 Rb8 17. Ng4 c5 18. Bc1 c4 19. bxc4 bxc4 20. dxc4 Nc7 21. Rd1 Nb6 22. Nd4 Qd7 23. c5 Bxc5 24. Bxh6 f5 25. exf6 gxh6 26. Qe5 Rf7 27. Nxh6+ {Andreikin,D (3112)-Ratkovic,M (2756) Chess.com 2024 1-0 (56)}) ({RR} 12... Nc5 13. Ne5 Nfd7 14. Nxd7 Qxd7 15. Qg4 Bg6 16. h4 h5 17. Qe2 dxe4 18. dxe4 Rfd8 19. Nc4 Qe8 20. Ne5 Bf6 21. Bf3 Bxe5 22. Bxe5 f6 23. Bc7 Rdc8 24. Bd6 Nd7 25. e5 f5 26. c4 Nb6 27. Qe3 {Erigaisi,A (2761)-Bolourchifard,F (2292) chess.com INT 2024 1-0 (41)}) 13. Rad1 $146 ({RR} 13. Ne5 Qb6 14. Ng4 Qd8 15. c4 Nc5 16. Ne5 Qe8 17. exd5 cxd5 18. d4 Nxb3 19. Nxb3 bxc4 20. Nd2 Qa4 21. Bc3 Ra6 22. h4 Ne8 23. Qd1 Bc2 24. Qc1 Nc7 25. Ra2 Bh7 26. Bf3 Rb8 27. Bd1 Qe8 {Miguel Lago,V (2275)-Vera Gonzalez Quevedo,R (2495) Mondariz 1996 0-1 (40)}) ({RR} 13. Ne5 Qb6 14. Kh1 Rad8 15. Ng4 Ne8 16. f4 f6 17. exd5 cxd5 18. Qxe6+ Qxe6 19. Rxe6 Bd6 20. Bxd5 Kh8 21. Re2 Bxf4 22. Bb7 Nc5 23. gxf4 Nxb7 24. Re7 Ned6 25. Rg1 Nc5 26. Ne3 Rg8 27. Nf3 Rde8 {Minet,S (2085)-Villeneuve,A (2335) Le Touquet 1997 1-0 (48)}) 13... Qb6 14. Bh3 dxe4 15. Nxe4 Nxe4 16. dxe4 Rad8 17. Ne5 Bf6 18. Bg2 Nb8 19. c4 b4 20. axb4 axb4 21. Nd3 Bxb2 22. Nxb2 c5 23. Qe3 Qc7 24. Bf3 Qe7 25. Na4 Na6 26. h4 Qc7 27. Kh2 Qe5 28. Bg2 Bg6 29. f4 Qc7 30. Bf3 Qa7 31. h5 Bh7 32. Rd3 Rxd3 33. Qxd3 Nb8 34. Qd6 Rc8 35. Rd1 Kh8 36. Qb6 Qe7 37. Nxc5 e5 38. Qd6 Qa7 39. Bg4 f5 40. exf5 exf4 41. gxf4 Na6 42. f6 Rg8 43. Qxa6 Qxc5 44. fxg7+ Rxg7 45. Rd8+ Bg8 46. Qxh6+ Rh7 47. Qf6+ Rg7 48. Rd4 Qe7 49. Qxe7 Rxe7 50. Rd8 Re3 51. h6 Re1 52. c5 1-0